000 00359nam a2200157Ia 4500
005 20240807062421.0
008 240806s9999||||xx |||||||||||||| ||eng||
041 _aeng
082 _a891.433
_bTHAG
100 _aRavindra Nath
245 0 _aGora /
_cRavindra Nath
260 _bSanmarg Prakashan, Delhi-7
300 _a319
650 _aHindi
942 _cBK
999 _c18321
_d18321